Learn AutoCAD LT 2002-(E-BOOK) (Record no. 192016)
[ view plain ]
| 000 -LEADER | |
|---|---|
| fixed length control field | 01087 a2200193 4500 |
| 003 - CONTROL NUMBER IDENTIFIER | |
| control field | Nust |
| 005 - DATE AND TIME OF LATEST TRANSACTION | |
| control field | 20170207154028.0 |
| 010 ## - LIBRARY OF CONGRESS CONTROL NUMBER | |
| LC control number | 2001046841 |
| 020 ## - INTERNATIONAL STANDARD BOOK NUMBER | |
| International Standard Book Number | 1556229070 (pbk.) |
| 040 ## - CATALOGING SOURCE | |
| Transcribing agency | Nust |
| 082 00 - DEWEY DECIMAL CLASSIFICATION NUMBER | |
| Classification number | 620/.0042/02855369 |
| 100 1# - MAIN ENTRY--PERSONAL NAME | |
| Personal name | Grabowski, Ralph. |
| 245 10 - TITLE STATEMENT | |
| Title | Learn AutoCAD LT 2002-(E-BOOK) |
| Statement of responsibility, etc. | by Ralph Grabowski. |
| 260 ## - PUBLICATION, DISTRIBUTION, ETC. | |
| Place of publication, distribution, etc. | Plano, TX : |
| Name of publisher, distributor, etc. | Wordware Pub., |
| Date of publication, distribution, etc. | c2002. |
| 300 ## - PHYSICAL DESCRIPTION | |
| Extent | xiii, 382 p. : |
| Other physical details | ill. ; |
| Dimensions | 24 cm. + |
| Accompanying material | 1 computer optical disc (4 3/4 in.) |
| 505 ## - FORMATTED CONTENTS NOTE | |
| Formatted contents note | Chapter 1 AutoCAD LT 2002 Quick Tour 1 Chapter 2 Setting Up the Drawing. 27 Chapter 3 Creating Your First Drawing 51 Chapter 4 Adding Details to a Drawing 79 Chapter 5 Making Changes to the Drawing 111 Chapter 6 Adding Notes and Dimensions 135 Chapter 7 The AutoCAD DesignCenter 165 Chapter 8 Creating Symbols and Attributes 179 Chapter 9 Bills of Material 203 Chapter 10 Region Modeling 219 Chapter 11 Accessing Autodesk’s Portals 233 Chapter 12 Connecting with the Internet . 253 Chapter 13 Drawings on the Web 277 Chapter 14 Isometric Drafting 299 |
| 650 #0 - SUBJECT ADDED ENTRY--TOPICAL TERM | |
| Topical term or geographic name entry element | Computer graphics. |
| 651 ## - SUBJECT ADDED ENTRY--GEOGRAPHIC NAME | |
| Geographic name | E-BOOK |
| 942 ## - ADDED ENTRY ELEMENTS (KOHA) | |
| Source of classification or shelving scheme | |
| Koha item type | Book |
| Withdrawn status | Lost status | Source of classification or shelving scheme | Damaged status | Not for loan | Collection code | Permanent Location | Current Location | Date acquired | Total Checkouts | Full call number | Barcode | Date last seen | Price effective from | Koha item type |
|---|---|---|---|---|---|---|---|---|---|---|---|---|---|---|
| Military College of Signals (MCS) | Military College of Signals (MCS) | 12/12/2016 | 620.004202855369 GRA | MCSEB-807 | 12/08/2016 | 12/12/2016 | Book |
